Statistics for Capitals of the Europe

Click here to take the quiz!

General Stats

  • This quiz has been taken 6 times
  • The average score is 2 of 15

Answers on the Map

Answers color-coded by a green-red scale on the quiz's map according to % correct below.
 

Answer Stats

Answer% Correct
Andorra La Vella
40%
Helsinki
20%
London
20%
Minsk
20%
Paris
20%
Sarajevo
20%
Sofia
20%
Berlin
0%
Brussels
0%
Copenhagen
0%
Prague
0%
Tallinn
0%
Tirana
0%
Vienna
0%
Zagreb
0%

Score Distribution

Percentile by Number Answered

Percent of People with Each Score

Your Score History

You have not taken this quiz